000 00312nam a22001337a 4500
008 210527b ||||| |||| 00| 0 eng d
041 _aeng
080 _a311
082 _a311
100 _a54
101 _aSTA
245 _aElementary Business Statistics: The Modern Approach
_cFreund,J.E
942 _2udc
_cBK
999 _c57734
_d57734